00812nam a2200205 a 450000100100000000500170001000800410002702000180006804000250008610000370011124500920014826000610024030000210030149000310032270000460035371000470039983000380044695201050048499900170058900004212420201002035944.0131114s2009 gt 000 0 spa d a9789992212714 aDO-SdBNPbspacBNPHU1 aMonteforte Toledo, Mario.96911510aUna manera de morir /cMario Monteforte Toledo; edición José Luis Perdomo Orellana. aGuatemala :bFundación Maria Monteporte Toledo,c2009. a294 p. ;c22 cm.1 aMario Monteforte Toledov51 aPerdomo Orellana, José Luiseed.9691162 aFundación Maria Monteporte Toledo969117 0aMario Monteforte Toledov5969118 001050718MOaGRbGRcCTd2013-11-14iLF1l0o p42124-10r2020-06-25w2020-06-25y1ZNo se presta c41613d41613